Missing Word: Questionable Direction Quiz Stats

Quiz Updated Nov 10, 2014

Challenge
Share
Tweet
Embed
Score 0/16 Timer 04:00
0 Plays Today
% Correct
Day
98.6%
Tomorrow
91.7%
Hour
90.3%
Last
89.7%
Harbor
83.4%
Dark
61.1%
Means
58.3%
Fallen
54.1%
% Correct
Bad
52%
Heist
43.5%
Red
43.4%
Charlie's
42.8%
Salvation
40.4%
Marshall
38.2%
BC
32.8%
Universal
22%

Today's Daily Dose

Word Ladder
Summertime

On This Day
June 23rd II

You're not logged in!

Compare scores with friends on all Sporcle quizzes.
Join for Free
OR
Log In

You Might Also Like...

Show Comments

Extras

Top Quizzes Today


Score Distribution

Your Account Isn't Verified!

In order to create a playlist on Sporcle, you need to verify the email address you used during registration. Go to your Sporcle Settings to finish the process.

Report this User

Report this user for behavior that violates our Community Guidelines.

Details: